Billboard Top 100 Songs (2021) - Statistics

General Stats
  • This quiz has been taken 82 times
  • The average score is 42 of 100
Answer Stats
# Song Artist % Correct
1 Levitating Dua Lipa
94%
2 Save Your Tears The Weeknd
92%
3 Blinding Lights The Weeknd
92%
89 Take My Breath The Weeknd
90%
10 Peaches Justin Bieber
86%
35 Holy Justin Bieber
86%
65 Lonely Justin Bieber
86%
74 Anyone Justin Bieber
86%
15 Bad Habits Ed Sheeran
84%
5 Good 4 U Olivia Rodrigo
84%
8 Drivers License Olivia Rodrigo
84%
13 Deja Vu Olivia Rodrigo
84%
9 Montero (Call Me By Your Name) Lil Nas X
83%
24 Industry Baby Lil Nas X
83%
38 Traitor Olivia Rodrigo
83%
14 Positions Ariana Grande
79%
21 34+35 Ariana Grande
78%
87 pov Ariana Grande
78%
7 Leave The Door Open Silk Sonic
78%
45 Laugh Now Cry Later Drake
73%
47 Wants And Needs Drake
73%
48 Way 2 Sexy Drake
73%
68 What's Next Drake
73%
86 Knife Talk Drake
73%
78 All I Want For Christmas Is You Mariah Carey
73%
11 Butter BTS
67%
41 Dynamite BTS
67%
6 Kiss Me More Doja Cat
65%
26 Up Cardi B
59%
55 Willow Taylor Swift
57%
12 Stay The Kid LAROI
57%
17 Without You The Kid LAROI
57%
25 Therefore I Am Billie Eilish
52%
94 Happier Than Ever Billie Eilish
52%
16 Heat Waves Glass Animals
52%
4 Mood 24kGoldn
51%
66 Beggin' Maneskin
49%
90 We're Good Dua Lipa
46%
54 Body Megan Thee Stallion
46%
73 Kings & Queens Ava Max
40%
19 Go Crazy Chris Brown
40%
34 Beautiful Mistakes Maroon 5
38%
22 What You Know Bout Love Pop Smoke
38%
32 For The Night Pop Smoke
38%
30 Rapstar Polo G
37%
52 Good Days SZA
37%
43 You Right Doja Cat
35%
46 Need To Know Doja Cat
35%
67 Streets Doja Cat
35%
20 Astronaut In The Ocean Masked Wolf
33%
29 Best Friend Saweetie
33%
28 Dakiti Bad Bunny
30%
83 Yonaguni Bad Bunny
30%
71 Thot Shit Megan Thee Stallion
30%
77 Cry Baby Megan Thee Stallion
30%
37 You Broke Me First. Tate McRae
30%
92 Rockin' Around The Christmas Tree Brenda Lee
29%
69 Famous Friends Chris Young
29%
33 Calling My Phone Lil Tjay
29%
23 My Ex's Best Friend Machine Gun Kelly
29%
50 Whoopty CJ
27%
18 Forever After All Luke Combs
27%
57 Better Together Luke Combs
27%
63 Leave Before You Love Me Marshmello
27%
49 Telepatia Kali Uchis
25%
36 On Me Lil Baby
25%
56 Bang! AJR
24%
40 I Hope Gabby Barrett
24%
62 The Good Ones Gabby Barrett
24%
31 Heartbreak Anniversary Giveon
24%
27 Fancy Like Walker Hayes
22%
51 Lemonade Internet Money
21%
72 Late At Night Roddy Ricch
21%
60 Essence Wizkid
21%
59 Every Chance I Get DJ Khaled
19%
42 Wockesha Moneybagg Yo
19%
82 Arcade Duncan Laurence
17%
99 Drinkin' Beer. Talkin' God. Amen. Chase Rice
16%
79 No More Parties Coi Leray
16%
39 Back In Blood Pooh Shiesty
16%
100 Todo de Ti Rauw Alejandro
16%
58 You're Mines Still Yung Bleu
16%
53 Starting Over Chris Stapleton
14%
91 Hell Of A View Eric Church
14%
96 Things A Man Oughta Know Lainey Wilson
14%
76 Time Today Moneybagg Yo
14%
75 Track Star Mooski
14%
70 Lil Bit Nelly
14%
80 What's Your Country Song Thomas Rhett
14%
97 Throat Baby (Go Baby) BRS Kash
13%
64 Glad You Exist Dan + Shay
13%
85 If I Didn't Love You Jason Aldean
13%
81 One Too Many Keith Urban
13%
84 Good Time Niko Moon
13%
98 Tombstone Rod Wave
13%
44 Beat Box SpotemGottem
13%
95 Single Saturday Night Cole Swindell
11%
93 Put Your Records On Ritt Momney
11%
88 Just The Way Parmalee
10%
61 Chasing After You Ryan Hurd/Maren Morris
10%
No matching quizzes found
Score Distribution
Percent of People with Each Score
Percentile by Number Answered
Your Score History
You have not taken this quiz